LEADER 01655cam2-2200505---450- 001 990001148090203316 005 20160315083506.0 010 $a978-84-670-3455-4 035 $a000114809 035 $aUSA01000114809 035 $a(ALEPH)000114809USA01 035 $a000114809 100 $a20030522d2010----km-y0itay50------ba 101 0 $aspa 102 $aES 105 $ay|||||||001yy 200 1 $aFelipe II$fManuel Álvarez Fernández 210 $aMadrid$cAustral$d2010 215 $a559 p.$d19 cm 225 2 $aContemporánea$iHumanidades 300 $aSul frontespizio: Espasa 300 $aSul dorso: 676 410 0$1001000292675$12001$aContemporánea. Humanidades 600 0$aFilippo $2BNCF 676 $a946.043092 700 1$aFERNÁNDEZ ÁLVAREZ,$bManuel$0379329 801 0$aIT$bsalbc$gISBD 912 $a990001148090203316 951 $aII.1. Coll. 118/ 16$b4855 L.G.$cII.1. Coll.$d00283109 959 $aBK 969 $aUMA 979 $aMARIA$b10$c20030522$lUSA01$h1108 979 $aPATRY$b90$c20040406$lUSA01$h1720 979 $aANNAMARIA$b90$c20101007$lUSA01$h1331 979 $aANNAMARIA$b90$c20101008$lUSA01$h0942 979 $aANNAMARIA$b90$c20101019$lUSA01$h1503 979 $aANNAMARIA$b90$c20101019$lUSA01$h1647 979 $aANNAMARIA$b90$c20101020$lUSA01$h1021 979 $aANNAMARIA$b90$c20110525$lUSA01$h1157 979 $aANNAMARIA$b90$c20160122$lUSA01$h1232 979 $aANNAMARIA$b90$c20160122$lUSA01$h1233 979 $aANNAMARIA$b90$c20160315$lUSA01$h0825 979 $aANNAMARIA$b90$c20160315$lUSA01$h0835 996 $aFelipe II$9983190 997 $aUNISA LEADER 01286nam--2200397---450- 001 990003501490203316 005 20110222125049.0 010 $a978-88-387-5533-7 035 $a000350149 035 $aUSA01000350149 035 $a(ALEPH)000350149USA01 035 $a000350149 100 $a20110222d2010----km-y0itay50------ba 101 $aita 102 $aIT 105 $a||||||||001yy 200 1 $a<> concorso per dirigente scolastico$emanuale per la preparazione alle prove scritte$etutte le tematiche per le prove orali$eaggiornato alla riforma della scuola dell'infanzia...$fSebastiano Moncada 205 $a4. ed. 210 $aSantarcangelo di Romagna$cMaggioli$d2010 215 $a508 p.$d24 cm 225 2 $aConcorsi pubblici$v38 410 0$12001$aConcorsi pubblici$v, 38 454 1$12001 461 1$1001-------$12001 606 0 $aScuola$xDirigenti$2BNCF 676 $a371.2012 700 1$aMONCADA,$bSebastiano$0542785 801 0$aIT$bsalbc$gISBD 912 $a990003501490203316 951 $aXXI.6. 301$b68659 G.$cXXI.6.$d00165596 959 $aBK 969 $aGIU 979 $aFIORELLA$b90$c20110222$lUSA01$h1244 979 $aFIORELLA$b90$c20110222$lUSA01$h1250 996 $aConcorso per dirigente scolastico$91111652 997 $aUNISA